| 000 | nam a22 7a 4500 | ||
|---|---|---|---|
| 999 |
_c30614 _d30613 |
||
| 003 | OSt | ||
| 005 | 20180221120302.0 | ||
| 008 | 180221b ||||| |||| 00| 0 eng d | ||
| 040 |
_aMMU _beng _cMMU _dMMU |
||
| 050 | _aRA418.S63 2009 | ||
| 245 |
_aSocial Determinants of Health/ _cInstructor Elaine Power |
||
| 260 |
_aOntario: _bQueens University, _c2009. |
||
| 300 | _a221p.; | ||
| 650 | _asocial determinants of Health | ||
| 942 |
_2lcc _cLOAN LOAN |
||